LEADER 01112nam a2200229 i 4500 001 000000144063 003 CaOOAMICUS 005 20080310000000.0 008 080310s1963 fr u000 u fre u 013 $a119421 040 $aSeMil$bita 245 10$a[Livres 4.-6.]. 300 $a565 p. 490 0 $aBibliothèque des textes philosophiques 700 1 $aMalebranche, Nicolas : de,$d<1638-1715>.$0(OLS)http://semarc/name/2843 700 1 $aRodis-Lewis, Geneviève,$d<1918-2004>.$0(OLS)http://semarc/name/6790 773 0 $tRecherche de la vérité, où l'on traite de la nature de l'esprit de l'homme et de l'usage qu'il en doit faire pour éviter l'erreur dans les sciences.$dParis : Librairie Philosophique J. Vrin, 1962-1964.$w()14472 773 0 $tOeuvres complètes de Malebranche.$dParis : Librairie Philosophique J. Vrin, 1962-1967.$g2$w()14473 830 0$aBibliothèque des textes philosophiques.$0(OLS)http://semarc/title/18870 850 $aSeMil 852 $aSeMil$W1$xVenegono$y1$m2R IV 212$j97037$B97037$CSeMilBibl$Z2$F104605 $81 996 $6245$a[Livres 4.-6.]$9(OLS)http://semarc/title/210730 LEADER 01328nam a2200289 4500 001 000000351730 003 CaOOAMICUS 005 20221128123005.0 008 221003s2021 it a 000 u ita r 020 $a979-1-280-34411-3 040 $aSeMil$bita 100 1 $aPianetti, Denis.$0(OLS)http://semarc/name/116566 245 10$aCarona :$bgli anni della rivolta : la tormentata vicenda di due chiese e una comunità /$cDenis Pianetti ; con prefazione di Mons. Daniele Rota e del Prof. Tarcisio Bottani. 264 1$aBergamo :$bCorponove,$c2021. 300 $a215 p. :$bill. ;$c24 cm 541 0 $aOmaggio mons. Mario Delpini (3P III 510) 650 4$aCarona - Storia.$0(OLS)http://semarc/subject/53029 700 1 $aRota, Daniele.$0(OLS)http://semarc/name/15200 700 1 $aBottani, Tarcisio.$0(OLS)http://semarc/name/116568 850 $aSeMil 852 $aSeMil$W1$xVenegono$y1$m3P III 510$j235584$B242920$CSeMilBibl$Z2$F242920 $81 941 1 $a7 961 $aOmaggio mons. Mario Delpini 996 $6020$a979-1-280-34411-3$9(OLS)http://semarc/number/296818 996 $6245$aCarona :$bgli anni della rivolta : la tormentata vicenda di due chiese e una comunità$9(OLS)http://semarc/title/441539 996 $6264$aBergamo :$bCorponove$9(OLS)http://semarc/publisher/41775